000 00669nam a2200229 i 4500
001 bg
100 1 _aMYSIOR, Marian
245 1 0 _aĆwiczenia z języka Python /
_cMarian Mysior.
260 _aWarszawa :
_b"Mikom",
_c2003.
300 _a201, [2] s. :
_bil. ;
_c24 cm + +
_edyskietka.
500 _aNa okł. i grzb.: Ćwiczenia z ... Język Python.
650 9 _aPython
655 _aPodręczniki
020 _a8372793166
040 _cBPK
041 0 _apol
080 _a004.438(07)A/Z
920 _a83-7279-316-6
942 _cKS
008 s pl f |000 0 pol
999 _c43342
_d43342
856 _uhttp://koha.tu.koszalin.pl/cgi-bin/koha/opac-detail.pl?biblionumber=43342
_yKatalog online BPK